00642nam a2200169Ia 450000500170000000800410001702000150005808200130007310000170008624500500010326000410015330000120019450001510020694200060035795200940036399900150045720240625020151.0240331s9999 xx 000 0 und d a817041461x bBAKa100 aBakshi, S.R. 0aArya samaj :bSwami Dayananda and hisideology aNew DelhibAnmol Publications c1991 a303 p., aThe book deals with the social philosophy of Swami Dayananda who was a wonderful soul, a saint, a reformer, a scholar all combined in two volumes. cL 001040708LaWERCLbWERCLcSSCd2024-03-31l0o 100 BAKp926r2024-03-31w2024-03-31yL c1354d1354